[Event "Tirnavia-C"]
[Site "Trnava"]
[Date "1989.??.??"]
[Round "2"]
[White "Franzen, Josef"]
[Black "Plachetka, Tomas"]
[Result "1-0"]
[WhiteElo "2345"]
[BlackElo "2200"]

1.e4 c5 2.Nf3 Nc6 3.Bb5 Nd4 4.Nxd4 cxd4 5.c3 Qb6 6.Qe2 g6 7.cxd4 Bg7 8.Nc3 Bxd4
9.O-O a6 10.Ba4 e6 11.d3 Kf8 12.Be3 Kg7 13.Kh1 d6 14.Bxd4+ Qxd4 15.f4 b5
16.Bb3 Bd7 17.Rf3 Ne7 18.Raf1 a5 19.Qd2 a4 20.Ne2 Qb6 21.Bc2 b4 22.f5 exf5
23.Ng3 f6 24.d4 Ra5 25.exf5 Nxf5 26.Bxf5 Bxf5 27.d5 Rf8 28.Nxf5+ gxf5 29.Rg3+ Kh8
30.Rxf5 Ra7 31.Qh6 Qd8 32.Rgf3 Re7 33.h3 Ref7 34.Qh4 b3 35.axb3 axb3 36.Rxb3 Qa5
37.Kh2 Qd2 38.Qf2 Qc1 39.Rbf3 Rb7 40.b3 Qa1 41.Qg3 Rb6 42.Qf4 Kg7 43.Rg3+ Kh8
44.Re3 Qb2 45.Qh6 Rg8 46.Qxf6+ Qxf6 47.Rxf6 Rg5 48.Rf7 Rb8 49.Ree7 h5 50.Rb7 Rxb7
51.Rxb7 Rxd5 52.Kg3 Kg8 53.Kf4 h4 54.Re7 Rd2 55.Kf3 Rb2 56.Rb7 d5 57.Rb4 d4
58.Rxd4 Rxb3+ 59.Kf2 Rb2+ 60.Kg1 Kg7 61.Rxh4 Kg6  1-0

[Event "Wch U20"]
[Site "Tunja"]
[Date "1989.??.??"]
[Round "3"]
[White "Kontic, Vladimir"]
[Black "Spasov, Vasil"]
[Result "1/2-1/2"]
[WhiteElo "2395"]
[BlackElo "2430"]

1.e4 c5 2.Nf3 Nc6 3.Bb5 g6 4.O-O Bg7 5.c3 Nf6 6.Re1 O-O 7.d4 cxd4 8.Nxd4 d5
9.e5 Ne4 10.Nf3 Bf5 11.Nh4 Be6  1/2-1/2

[Event "Tuzla"]
[Site "Tuzla"]
[Date "1989.??.??"]
[Round "13"]
[White "Nurkic, Sahbaz"]
[Black "Rosic, Slavko"]
[Result "1/2-1/2"]
[WhiteElo "2375"]
[BlackElo "2280"]

1.e4 c5 2.Nf3 Nc6 3.Bb5 g6 4.O-O Bg7 5.c3 Nf6 6.Re1 O-O 7.h3 Re8 8.a4 e5
9.d3 b6 10.Bg5 Bb7 11.Nbd2 Qc7 12.Nf1 Ne7 13.Qc1 a6 14.Bc4 d6 15.Bh6 Bc6
16.Bxf7+ Kxf7 17.Ng5+ Kg8 18.Bxg7 Nh5 19.Bh6 Nf4 20.Qe3 Nxg2 21.Qg3 Nf4 22.Nh2 Bd7
23.Ng4 Bxg4 24.hxg4 Nc6 25.Rad1 Ne6 26.Nxe6 Rxe6 27.Rf1 Nd8 28.Be3 Nf7 29.f4 exf4
30.Rxf4 Rf8 31.Rdf1 Ree8 32.Qf2 Qe7 33.d4 Nd8 34.Rxf8+ Rxf8 35.Qxf8+ Qxf8
36.Rxf8+ Kxf8 37.dxc5 bxc5 38.e5 h5 39.exd6 c4 40.gxh5 gxh5 41.Kf2 Ke8 42.Kf3 Nb7
43.Ke4 h4 44.Kd5 Kd7 45.Bf4 h3 46.Bh2 Na5 47.Kc5 Nb7+ 48.Kxc4 Nxd6+ 49.Kc5 Ne4+
50.Kb6 Nf2 51.Kxa6 Nd1 52.Kb7 Nxb2 53.a5 Na4 54.a6 Nc5+ 55.Kb6  1/2-1/2

[Event "Uzes op"]
[Site "Uzes"]
[Date "1989.??.??"]
[Round "1"]
[White "Muller, Anne"]
[Black "Spiridonov, Nikola"]
[Result "0-1"]
[WhiteElo "1740"]
[BlackElo "2400"]

1.e4 c5 2.Nf3 Nc6 3.Bb5 e6 4.O-O Nge7 5.c3 a6 6.Ba4 d5 7.exd5 Qxd5 8.d4 cxd4
9.cxd4 Qd8 10.Nc3 b5 11.Bc2 Bb7 12.Re1 Nb4 13.Be4 Bxe4 14.Rxe4 Ned5 15.Nxd5 Nxd5
16.a4 Be7 17.Ne5 O-O 18.Re2 Nb4 19.Be3 Qd5 20.Rc1 Rac8 21.Nf3 h6 22.h3 Rfd8
23.Rc3 Qb7 24.Rd2 Qe4 25.axb5 axb5 26.Ne5 Bd6 27.Nf3 Qb7 28.Rc1 Qd5 29.Rc3 Rc4
30.Rc1 Ra8 31.Re2 Qc6 32.Rxc4 Qxc4  0-1

[Event "Val Thorens"]
[Site "Val Thorens"]
[Date "1989.??.??"]
[Round "2"]
[White "Chevallier, Didier"]
[Black "Michaelsen, Nils"]
[Result "1-0"]
[WhiteElo "2290"]
[BlackElo "2345"]

1.e4 c5 2.Nf3 Nc6 3.Bb5 g6 4.O-O Bg7 5.Re1 e5 6.Bxc6 bxc6 7.c3 Ne7 8.d4 cxd4
9.cxd4 exd4 10.Nxd4 O-O 11.Nc3 Qc7 12.Bg5 Re8 13.Rc1 f6 14.Be3 d6 15.Bf4 Qd7
16.Qb3+ Kh8 17.Rcd1 Ng8 18.Qc4 Bb7 19.Qa4 Bf8 20.Nb3 Qc7 21.Qa5 Qb8 22.Re2 Nh6
23.Nc5 Bc8 24.Qa4 Qb6 25.Nb3 Bg4 26.Be3 Qc7 27.f3 Bd7 28.Qd4 Ng8 29.Bf4 Re6
30.Red2 Be8 31.Qf2 g5 32.Nc5 Re5 33.Bxe5 dxe5 34.Ne6 Qe7 35.Nxf8 Qxf8 36.Rd8  1-0

[Event "Warsaw op"]
[Site "Warsaw"]
[Date "1989.??.??"]
[Round "?"]
[White "Tseitlin, Mark D"]
[Black "Sendera, Jaroslaw"]
[Result "1-0"]
[WhiteElo "2460"]
[BlackElo "2380"]

1.e4 c5 2.Nf3 Nc6 3.Bb5 g6 4.O-O Bg7 5.Re1 e5 6.Bxc6 dxc6 7.d3 Ne7 8.Nbd2 O-O
9.Nc4 Qc7 10.Be3 b6 11.a4 h6 12.Qd2 Kh7 13.Qc3 f6 14.a5 Be6 15.axb6 axb6
16.b4 b5 17.Ncd2 cxb4 18.Qxb4 Rfd8 19.Bc5 Ng8 20.Ra3 Qb7 21.Rea1 Rxa3 22.Qxa3 h5
23.Qa6 Qd7 24.Qb6 Qe8 25.Ra6 Bd7 26.Qc7 Rc8 27.Qd6 Bf8 28.Qxf8 Qxf8 29.Bxf8 Rxf8
30.Nb3 Be8 31.Nc5 Rf7 32.Nd2 Rc7 33.Ndb3 Bf7 34.Na5 Ne7 35.g3 g5 36.f3 Kg6
37.Kf2 f5 38.c3 Kf6 39.d4 b4 40.dxe5+ Kxe5 41.Nd3+ Kd6 42.cxb4 fxe4 43.fxe4 Be6
44.Nc5 Bc8 45.Nc4+  1-0

[Event "Warsaw op"]
[Site "Warsaw"]
[Date "1989.??.??"]
[Round "?"]
[White "Orlov, Georgi"]
[Black "Thorsteins, Karl"]
[Result "1/2-1/2"]
[WhiteElo "2470"]
[BlackElo "2430"]

1.e4 c5 2.Nf3 Nc6 3.Bb5 g6 4.Bxc6 dxc6 5.h3 e5 6.d3 f6 7.Be3 Nh6 8.O-O Be6
9.Qd2 Nf7 10.Nc3 Be7 11.a3 O-O 12.Nh2 b6 13.Rad1 Qd7 14.Ne2 Rae8 15.Ng3 Bd6
16.Kh1 Qe7 17.f4 exf4 18.Bxf4 Bxf4 19.Rxf4 Ne5 20.Rdf1 Rd8 21.Qc3 Rf7 22.b4 cxb4
23.axb4 c5 24.bxc5 bxc5 25.Nf3 Nc6 26.h4 Rdf8 27.Qd2 Qd6 28.Ne2 a5 29.Ra1 Ra8
30.Qc3 Qe7 31.Rf1 a4 32.Qa3 Nb4 33.Ne1 f5 34.Ng3 fxe4 35.Nxe4 Rxf4 36.Rxf4 Bf5
37.Nf3 Bxe4 38.Rxe4 Qf6 39.c3 Nxd3 40.Rxa4 Rxa4 41.Qxa4 Qxc3 42.Qe8+ Kg7
43.Qe3 Kg8 44.Kh2 c4 45.Qe8+ Kg7 46.Qd7+ Kg8 47.Qe8+  1/2-1/2

[Event "Legion op"]
[Site "Warsaw"]
[Date "1989.??.??"]
[Round "3"]
[White "Belkhodja, Slim"]
[Black "Gruenberg, Hans Ulrich"]
[Result "1/2-1/2"]
[WhiteElo "2365"]
[BlackElo "2475"]

1.e4 c5 2.Nf3 Nc6 3.Bb5 g6 4.O-O Bg7 5.c3 e5 6.d4 exd4 7.cxd4 cxd4 8.Bf4 Nge7
9.Bd6 O-O 10.Na3 a6 11.Bd3 b6 12.b4 b5 13.Qb3 Bb7 14.Rfe1 Bh6 15.Nc2 Re8
16.Rad1 Nc8 17.Bg3 Bg7 18.e5 Nb6 19.Ncxd4 Nxd4 20.Nxd4 Bd5 21.Qb1 Rc8 22.Be4 Rc4
23.a3 Qa8 24.Bxd5 Nxd5 25.Qd3 Nc3 26.Rd2 Qd5 27.Nf3 Qxd3 28.Rxd3 Ne4 29.Rxd7 Nxg3
30.hxg3 Rc3 31.Ng5 f6 32.Rxg7+ Kxg7 33.exf6+ Kxf6 34.Rxe8 Kxg5 35.Re3 Rc1+
36.Kh2 Ra1 37.f3 h5  1/2-1/2

[Event "Legion op"]
[Site "Warsaw"]
[Date "1989.??.??"]
[Round "7"]
[White "Belkhodja, Slim"]
[Black "Baumbach, Friedrich"]
[Result "1-0"]
[WhiteElo "2365"]
[BlackElo "2315"]

1.e4 c5 2.Nf3 Nc6 3.Bb5 g6 4.O-O Bg7 5.c3 Nf6 6.Re1 O-O 7.d4 cxd4 8.cxd4 d5
9.e5 Ne4 10.Bxc6 bxc6 11.Nbd2 c5 12.dxc5 Nxc5 13.Nb3 Nxb3 14.Qxb3 Bg4 15.Nd4 Qb6
16.Qxb6 axb6 17.f4 Rfc8 18.Be3 Bd7 19.a3 e6 20.Rac1 f6 21.Nf3 fxe5 22.Nxe5 Bxe5
23.fxe5 b5 24.Bc5 Ra4 25.Bb4 Raa8 26.Kf2 d4 27.Ke2 Bc6 28.g4 Be4 29.Kd2 Bf3
30.g5 Rxc1 31.Rxc1 Be4 32.Rc7 Rb8 33.Be7 Rb7 34.Rc8+ Kf7 35.Bf6 b4 36.a4 b3
37.Rh8 Rb4 38.Rxh7+ Kg8 39.Rg7+ Kf8 40.Be7+ Kxg7 41.Bxb4 Kf7 42.Bc5 d3 43.Kc3 d2
44.Kxd2 Bc6 45.a5 Ke8 46.Ke3 Kd7 47.h4 Bg2 48.a6 Kc6 49.a7 Kxc5 50.h5  1-0

[Event "Werfen op"]
[Site "Werfen"]
[Date "1989.??.??"]
[Round "3"]
[White "Patzl, Karl"]
[Black "Lanka, Zigurds"]
[Result "0-1"]
[WhiteElo "2205"]
[BlackElo "2420"]

1.e4 c5 2.Nf3 Nc6 3.Bb5 g6 4.Bxc6 dxc6 5.d3 Bg7 6.Qe2 e5 7.Nc3 Qe7 8.Bg5 f6
9.Bd2 Nh6 10.O-O-O Nf7 11.Kb1 Nd8 12.h3 Ne6 13.Rdf1 b5 14.Be3 Nd4 15.Qd1 Be6
16.Bxd4 cxd4 17.Ne2 c5 18.Nd2 c4 19.f4 c3 20.Nb3 a5 21.bxc3 dxc3 22.d4 Bc4
23.Rf2 O-O 24.Nxc3 a4 25.Nc5 exd4 26.Qxd4 f5 27.e5 Rfd8 28.Qe3 Rac8 29.N5xa4 bxa4
30.Nxa4 Ra8 31.Qc5 Qb7+ 32.Nb2 Bxa2+ 33.Kc1 Bf8  0-1

[Event "Werfen op"]
[Site "Werfen"]
[Date "1989.??.??"]
[Round "5"]
[White "Mathe, Gaspar"]
[Black "Indjic, Dusan"]
[Result "1/2-1/2"]
[WhiteElo "2355"]
[BlackElo "2375"]

1.e4 c5 2.Nf3 Nc6 3.Bb5 e6 4.O-O Nge7 5.c3 a6 6.Ba4 b5 7.Bc2 Bb7 8.a4 b4
9.d4 cxd4 10.cxd4 d5 11.e5 Ng6 12.Be3 Be7 13.Nbd2 a5 14.Rc1 Nb8 15.Re1 Ba6
16.g3 Nd7 17.h4 Ngf8 18.Nh2 h5 19.Ndf3 Nb6 20.b3 Nbd7 21.Bb1 Rc8 22.Rxc8 Qxc8
23.Qd2 Qc3 24.Qa2 Qc7 25.Rc1 Qb6 26.Qd2 Nb8 27.Bg5 f6 28.Bf4 Nc6 29.Qc2 Kd7
30.Nf1 f5 31.Ne3 g6 32.Nxd5 exd5 33.e6+ Nxe6 34.Qxc6+ Qxc6 35.Ne5+ Ke8 36.Rxc6 Nxf4
37.Rxa6 Ne2+ 38.Kg2 Nxd4 39.Rxa5 Nxb3 40.Ra8+ Bd8 41.Ba2 Nd4 42.Bxd5 Rf8
43.Bf7+ Ke7 44.Nxg6+ Kxf7 45.Nxf8 Nc6 46.Nd7 Ke6 47.Nc5+ Kd5 48.Nd3 b3 49.Rc8 Bf6
50.Rf8 Bc3 51.Rxf5+ Kd4 52.Rb5 Kc4 53.Rc5+ Kxd3 54.Rxc6 b2 55.Rb6 Kc4 56.Rxb2 Bxb2
57.f4 Bc3 58.g4 Kd5 59.gxh5 Ke6 60.h6 Kf7 61.Kf3 Kg6 62.Ke4 Kxh6 63.Kd3 Be1
64.Ke3 Bxh4 65.a5 Bd8 66.a6 Bb6+ 67.Ke4  1/2-1/2

[Event "Werfen op"]
[Site "Werfen"]
[Date "1989.??.??"]
[Round "6"]
[White "Kovacevic, Dragan"]
[Black "Bielczyk, Jacek"]
[Result "1/2-1/2"]
[WhiteElo "2270"]
[BlackElo "2355"]

1.e4 c5 2.Nf3 Nc6 3.Bb5 g6 4.O-O Bg7 5.Re1 Nf6 6.Nc3 O-O 7.h3 d6 8.d4 cxd4
9.Nxd4 Nxd4 10.Qxd4 Be6 11.Qb4 Qc7 12.Be3 Rfc8 13.Rad1 a6 14.Bf1 b5 15.Bd4 Bc4
16.e5 dxe5 17.Bxe5 Qb7 18.Bd4 e6 19.Bd3 Bxd3 20.Rxd3 Rc4 21.Qb3 Rac8 22.Re2 Nh5
23.Be3 Nf4 24.Bxf4 Rxf4 25.Nd1 Rd4 26.Rxd4 Bxd4 27.c3 Bc5 28.Ne3 Bxe3 29.Rxe3 Qd7
30.Qc2 Rd8 31.Qe2  1/2-1/2

[Event "Hoogovens-B"]
[Site "Wijk aan Zee"]
[Date "1989.??.??"]
[Round "?"]
[White "Fedorowicz, John P"]
[Black "Kuijf, Marinus"]
[Result "1/2-1/2"]
[WhiteElo "2505"]
[BlackElo "2485"]

1.e4 c5 2.Nf3 Nc6 3.Bb5 e6 4.O-O Nge7 5.Re1 Nd4 6.Bf1 Nec6 7.c3 Nxf3+ 8.Qxf3 Be7
9.a3 O-O 10.b4 d5 11.exd5 exd5 12.bxc5 Bxc5 13.d4 Bb6 14.Bf4 Bf5 15.Nd2 Rc8
16.Re3 Bg6 17.Rae1 Bc7 18.h4 Qf6 19.Bxc7 Qxf3 20.Nxf3 Rxc7 21.g3 f6 22.Bh3 Rd8
23.Kh2 Kf8 24.Ng1 Na5 25.Ne2 Nc4 26.Nf4 Bf7 27.Rf3 Nxa3 28.Ra1 Nb5 29.Bf1 Rxc3
30.Rxc3 Nxc3 31.Rxa7 Rb8 32.Bd3 h6 33.h5 Ne4 34.Kg2 Ng5 35.Bg6 Be6 36.Nd3 Bh3+
37.Kh2 Bc8 38.Kg2 Ne6 39.Ra5 b5 40.Ra7 Nxd4 41.Rf7+ Kg8 42.Rc7 Bf5 43.Nb4 Be4+
44.Kh3 Rd8 45.Rb7 Kh8 46.f4 f5 47.Bf7 Kh7 48.Bg6+ Kg8 49.Na6 Nb3 50.Bf7+ Kf8
51.Be6 Rd6 52.Nc7 Ke7 53.Nxb5+ Kxe6 54.Nxd6 Kxd6 55.Rxb3 d4 56.Kh2 Bc2 57.Rb8 Bd1
58.Kg2 Bxh5 59.Kf2 Bf7 60.Rb7 Ke6 61.Ke2 Bh5+ 62.Kd3 Kf6 63.Rb6+ Kf7 64.Kxd4 Bd1
65.Ke5 Bc2 66.Rb7+ Kg6 67.Ra7 Bd3 68.Rd7 Bc2 69.Rd2 Bb1 70.Rh2 Kf7 71.Rb2 Bd3
72.Kd4 Bf1 73.Rb1 Be2 74.Rb6 Bd1 75.Rc6 Be2 76.Ke3 Bg4 77.Kd4 Be2 78.Rc2 Bf1
79.Rc6  1/2-1/2

[Event "DDR-ch 38th"]
[Site "Zittau"]
[Date "1989.??.??"]
[Round "?"]
[White "Grottke, Hans Joachim"]
[Black "Gauglitz, Gernot"]
[Result "0-1"]
[WhiteElo "2265"]
[BlackElo "2410"]

1.e4 c5 2.Nf3 Nc6 3.Bb5 g6 4.O-O Bg7 5.c3 Nf6 6.Re1 O-O 7.d4 cxd4 8.cxd4 d5
9.e5 Ne4 10.Bxc6 bxc6 11.Nc3 Nxc3 12.bxc3 Qa5 13.Qb3 Bf5 14.Qa3 Qc7 15.Bg5 Rfe8
16.Nd2 h6 17.Bh4 c5 18.Nb3 c4 19.Nc5 g5 20.Bg3 e6 21.h4 g4 22.f3 gxf3 23.gxf3 Kh7
24.Kh2 Qe7 25.Qc1 h5 26.Qg5 Qxg5 27.hxg5 Rab8 28.Re2 Kg6 29.Bh4 Red8 30.Rd1 Bf8
31.Bf2 Be7 32.f4 Bg4  0-1

[Event "JUG-chT"]
[Site "Zlatibor"]
[Date "1989.??.??"]
[Round "?"]
[White "Djuric, Stefan"]
[Black "Nikolic, Nebojsa"]
[Result "1-0"]
[WhiteElo "2470"]
[BlackElo "2390"]

1.e4 c5 2.Nf3 Nc6 3.Bb5 g6 4.O-O Bg7 5.c3 Nf6 6.Re1 O-O 7.h3 d5 8.e5 Ne8
9.d4 Qb6 10.Ba4 cxd4 11.cxd4 Nc7 12.Nc3 Be6 13.a3 a6 14.b4 Rad8 15.Bg5 f6
16.exf6 exf6 17.Bf4 Bf7 18.Rc1 Rfe8 19.Bxc6 bxc6 20.Na4 Qa7 21.Rxc6 Nb5 22.Nc5 Rxe1+
23.Qxe1 Re8 24.Qc1 g5 25.Bg3 Bh5 26.a4  1-0

[Event "JUG-chT"]
[Site "Zlatibor"]
[Date "1989.??.??"]
[Round "?"]
[White "Veroci, Zsuzsa"]
[Black "Maksimovic, Suzana"]
[Result "1/2-1/2"]
[WhiteElo "2340"]
[BlackElo "2230"]

1.e4 c5 2.Nf3 Nc6 3.Bb5 Qb6 4.Nc3 e6 5.O-O Nge7 6.a4 Nd4 7.Nxd4 cxd4 8.Ne2 a6
9.Bc4 g6 10.d3 Bg7 11.f4 d5 12.exd5 exd5 13.Bb3 O-O 14.Ng3 Qc5 15.a5 Bd7
16.Qf3 Rad8 17.Bd2 Bc8 18.Rfe1 f5 19.Qf2 Nc6 20.Kh1 Kh8 21.Ne2 Rfe8 22.Ng1 Rxe1
23.Qxe1 Qf8 24.Nf3 Re8 25.Qf2 Be6 26.Ba4 Bd7 27.Bxc6 bxc6 28.Nxd4 c5 29.Nf3 Bxb2
30.Rb1 Bg7 31.Rb7 Ba4 32.Ne5 Bxc2  1/2-1/2

[Event "JUG-chT FL"]
[Site "Arandjelovac"]
[Date "1990.??.??"]
[Round "1"]
[White "Miljanic, Boro"]
[Black "Pavlovic, Milos"]
[Result "1/2-1/2"]
[WhiteElo "2380"]
[BlackElo "2465"]

1.e4 c5 2.Nf3 Nc6 3.Bb5 g6 4.O-O Bg7 5.c3 Nf6 6.d4 cxd4 7.e5 Nd5 8.cxd4 O-O
9.Nc3 Nc7 10.Ba4 d6 11.Bf4 Bg4 12.Bxc6 bxc6 13.h3 Bxf3 14.Qxf3 Ne6 15.Rad1 Qb8
16.Bg3 Qxb2 17.Rb1 Qa3 18.Nd5 Qxf3 19.Nxe7+ Kh8 20.gxf3 dxe5 21.dxe5 Nd4
22.Kg2 Rab8 23.Rbc1 Rfe8  1/2-1/2

[Event "JUG-chT FL"]
[Site "Arandjelovac"]
[Date "1990.??.??"]
[Round "1"]
[White "Mihajlovic, Miodrag"]
[Black "Djokic, Nenad"]
[Result "1/2-1/2"]
[WhiteElo "2270"]
[BlackElo "2310"]

1.e4 c5 2.Nf3 Nc6 3.Bb5 e6 4.O-O Nge7 5.b3 Nd4 6.Nxd4 cxd4 7.c3 a6 8.Be2 Nc6
9.cxd4 Nxd4 10.Bb2 Bc5 11.Nc3 O-O 12.Rc1 d6 13.Bd3 e5 14.Kh1 f5 15.exf5 Bxf5
16.Bxf5 Rxf5 17.Ne4 Bb6 18.Bxd4 Bxd4 19.Qg4 g6 20.f4 Qe7 21.Ng3 Rxf4 22.Rxf4 exf4
23.Nf5 Qf6 24.Nh6+ Kg7 25.Rc7+ Kxh6 26.g3 Be5 27.Qh3+ Kg5 28.Qh4+ Kf5 29.Qh3+ Ke4
30.Qf1 d5 31.Qb1+ Kd4 32.Qb2+ Kd3 33.Qc2+ Kd4 34.Qc3+ Ke4 35.Qc2+ Kd4 36.Qc3+ Ke4
37.Qc2+ Kf3 38.Qd1+ Ke4 39.Qc2+ Kf3 40.Qd1+ Kf2 41.d4 Bxc7 42.Qd2+ Kf3 43.Qd1+ Ke4
44.Qc2+ Ke3 45.Qc3+ Ke2 46.Qc2+ Kf3 47.Qd1+ Ke3 48.Qc1+ Kd3 49.Qd1+ Kc3 50.Qc1+ Kd3
51.Qd1+  1/2-1/2

[Event "JUG-chT FL"]
[Site "Arandjelovac"]
[Date "1990.??.??"]
[Round "8"]
[White "Vuksanovic, Sanja"]
[Black "Otovic, Ljiljana"]
[Result "1-0"]
[WhiteElo "2145"]
[BlackElo "2060"]

1.e4 c5 2.Nf3 Nc6 3.Bb5 d6 4.h3 e5 5.O-O Bd7 6.c3 Nf6 7.Re1 Ne7 8.Bxd7+ Qxd7
9.d4 Ng6 10.Bg5 Be7 11.Nbd2 h6 12.Bxf6 gxf6 13.dxc5 dxc5 14.Nc4 Qc6 15.Qd5 Qc7
16.Ne3 Nf4 17.Qc4 f5 18.exf5 O-O-O 19.Qe4 Rhg8 20.Kh2 Rd3 21.g3 Nh5 22.Qxd3 e4
23.Nd5  1-0

[Event "SWZ-ch"]
[Site "Arosa"]
[Date "1990.??.??"]
[Round "?"]
[White "Bichsel, Walter"]
[Black "Preissmann, Emmanuel"]
[Result "1-0"]
[WhiteElo "2310"]
[BlackElo "2310"]

1.e4 c5 2.Nf3 Nc6 3.Bb5 g6 4.c3 Nf6 5.e5 Nd5 6.O-O Bg7 7.d4 cxd4 8.cxd4 O-O
9.Nc3 Nc7 10.Qe2 Nxb5 11.Qxb5 a6 12.Qe2 d6 13.h3 dxe5 14.dxe5 Nd4 15.Nxd4 Qxd4
16.Re1 h6 17.Qf3 Qh4 18.Re4 Qh5 19.g4 Qh4 20.g5 Qxh3 21.Qxh3 Bxh3 22.gxh6  1-0

[Event "AUT-chT playoff"]
[Site "Austria"]
[Date "1990.??.??"]
[Round "?"]
[White "Mathe, Gaspar"]
[Black "Fauland, Alexander"]
[Result "1-0"]
[WhiteElo "2350"]
[BlackElo "2480"]

1.e4 c5 2.Nf3 Nc6 3.Bb5 e6 4.c3 a6 5.Ba4 c4 6.Bc2 Nf6 7.b3 b5 8.O-O Be7 9.Re1 d5
10.exd5 Qxd5 11.a4 Bb7 12.axb5 axb5 13.Rxa8+ Bxa8 14.d4 cxb3 15.Bxb3 Qd7
16.Qd3 Na5 17.Bc2 Bd5 18.Na3 O-O 19.Ne5 Qb7 20.Ng4 g6 21.Nxf6+ Bxf6 22.Qxb5 Qa8
23.f3 Rc8 24.Qd3 Nc6 25.Kh1 e5 26.Qb5 Na7 27.Qa6 Bh4 28.Rxe5 Bxf3 29.Qf1 Rxc3
30.Bb2 Nc6 31.Bxc3 Nxe5 32.dxe5 Bxg2+ 33.Qxg2 Qxa3 34.Qd2 Bg5 35.Qd3 Qc5
36.Qd4 Qc6+ 37.Be4 Qe6 38.Bd5 Qf5 39.Kg2 Be7 40.e6 Qc2+ 41.Kf3 Qf5+ 42.Ke2 Qh5+
43.Ke1 Qh4+ 44.Kf1 Qh3+ 45.Kg1 f6 46.Bb4  1-0

[Event "AUT-chT"]
[Site "Austria"]
[Date "1990.??.??"]
[Round "?"]
[White "Feistenauer, Fred"]
[Black "Pils, Walter"]
[Result "1/2-1/2"]
[WhiteElo "2300"]
[BlackElo "2355"]

1.e4 c5 2.Nf3 Nc6 3.Bb5 d6 4.O-O Bd7 5.c3 Nf6 6.Re1 a6 7.Bxc6 Bxc6 8.d4 e6
9.Bg5 Be7 10.Nbd2 cxd4 11.cxd4  1/2-1/2

[Event "AUT-chT"]
[Site "Austria"]
[Date "1990.??.??"]
[Round "?"]
[White "Lendwai, Reinhard"]
[Black "Fauland, Alexander"]
[Result "1/2-1/2"]
[WhiteElo "2335"]
[BlackElo "2480"]

1.e4 c5 2.Nf3 Nc6 3.Bb5 d6 4.O-O e5 5.c3 Be7 6.d4 exd4 7.cxd4 Bd7 8.Nc3 cxd4
9.Nxd4 Nf6 10.Bf4 O-O 11.Qd2 a6 12.Nxc6 bxc6 13.Ba4 d5 14.exd5 cxd5 15.Bxd7 Qxd7
16.Rad1 Rfd8 17.Be5 Ng4 18.Bd4 Qd6 19.g3 Bf6 20.Rfe1 h6 21.Qe2 Bxd4 22.Rxd4 Nf6
23.Red1 Rab8 24.R1d2 a5  1/2-1/2

[Event "AUT-chT"]
[Site "Austria"]
[Date "1990.??.??"]
[Round "?"]
[White "Lendwai, Reinhard"]
[Black "Topakian, Raffi"]
[Result "1/2-1/2"]
[WhiteElo "2335"]
[BlackElo "2230"]

1.e4 c5 2.Nf3 Nc6 3.Bb5 g6 4.O-O Bg7 5.c3 Nf6 6.Re1 a6 7.Bxc6 dxc6 8.h3 O-O
9.d3 Qc7 10.Be3 b6 11.Qc2 a5 12.Nbd2 Ba6 13.d4 cxd4 14.cxd4 Rac8 15.Rac1 Ne8
16.Qb3 Qb7 17.Bg5 h6 18.Bf4 Nc7 19.Be5 Ne6 20.Bxg7 Kxg7 21.Nc4 Bxc4 22.Rxc4 Rc7
23.Rec1 b5 24.R4c2 Kh7 25.a4 Rfc8 26.g3 bxa4 27.Qxa4 Qb5 28.Qc4 Qxc4 29.Rxc4 f6
30.Ra1 Rb8 31.Rxa5 Rxb2 32.Ra6 Re2 33.e5 fxe5 34.dxe5 Ng5 35.Nxg5+ hxg5 36.Raxc6 Rxc6
37.Rxc6 Rxe5 38.Kg2 Kg7 39.Kf3 Rf5+ 40.Ke3 Re5+ 41.Kf3 Rf5+  1/2-1/2

[Event "Badenweiler op"]
[Site "Badenweiler"]
[Date "1990.??.??"]
[Round "8"]
[White "Pfrommer, Christoph"]
[Black "Birr, Beate"]
[Result "1-0"]
[WhiteElo "2300"]
[BlackElo "2030"]

1.e4 c5 2.Nf3 Nc6 3.Bb5 g6 4.O-O Bg7 5.c3 Nf6 6.d4 cxd4 7.cxd4 Nxe4 8.d5 Nd6
9.Ba4 Nb8 10.Re1 O-O 11.Qe2 Qa5 12.Bb3 e6 13.Nc3 b6 14.Bg5 Ba6 15.Qc2 Nc4
16.Ne4 exd5 17.Nf6+ Kh8 18.Rad1 Bb7 19.Ne8 Nc6 20.Nxg7 Kxg7 21.Qc1 Rfe8 22.Qf4  1-0

[Event "Barcelona"]
[Site "Barcelona"]
[Date "1990.??.??"]
[Round "7"]
[White "Ochoa de Echaguen, F Javier"]
[Black "Franco Ocampo, Zenon"]
[Result "1/2-1/2"]
[WhiteElo "2400"]
[BlackElo "2495"]

1.e4 c5 2.Nf3 Nc6 3.Bb5 e6 4.O-O Nge7 5.Re1 a6 6.Bf1 d5 7.exd5 Nxd5 8.d4 Be7
9.dxc5 O-O 10.c4 Nf6 11.Nc3 Bxc5 12.Bg5 Qb6 13.Qc2 Nd4 14.Nxd4 Bxd4 15.h3 h6
16.Be3 Bxe3 17.Rxe3 Bd7 18.Rd1 Bc6 19.b3 Rad8 20.Red3 Rxd3 21.Qxd3 Qa5 22.Qd2 Qc7
23.Qd6 Qxd6 24.Rxd6 Rc8 25.g3 Kf8 26.Bg2 Ke7 27.Rd3 Bxg2 28.Kxg2 Rd8 29.Rxd8  1/2-1/2

[Event "Belgorod"]
[Site "Belgorod"]
[Date "1990.??.??"]
[Round "11"]
[White "Laketic, Gojko"]
[Black "Mohr, Georg"]
[Result "1/2-1/2"]
[WhiteElo "2425"]
[BlackElo "2450"]

1.e4 c5 2.Nf3 Nc6 3.Bb5 g6 4.O-O Bg7 5.Bxc6 dxc6 6.d3 Nf6 7.Be3 b6 8.Nc3 O-O
9.Qd2 Re8 10.Bh6 Bh8  1/2-1/2

[Event "Belgrade-B"]
[Site "Belgrade"]
[Date "1990.??.??"]
[Round "7"]
[White "Zahariev, Zahari"]
[Black "Kovacevic, Predrag"]
[Result "1/2-1/2"]
[WhiteElo "2405"]
[BlackElo "2400"]

1.e4 c5 2.Nf3 Nc6 3.Bb5 g6 4.O-O Bg7 5.Re1 Nf6 6.c3 O-O 7.d4 cxd4 8.cxd4 d5
9.e5 Ne4 10.Bxc6 bxc6 11.Nbd2 c5  1/2-1/2

[Event "Belgrade-A"]
[Site "Belgrade"]
[Date "1990.??.??"]
[Round "9"]
[White "Ajanski, Jordan S"]
[Black "Zakic, Srdjan"]
[Result "1/2-1/2"]
[WhiteElo "2350"]
[BlackElo "2355"]

1.e4 c5 2.Nf3 Nc6 3.Bb5 Nf6 4.d3 Qa5+ 5.Nc3 Nd4 6.Bc4 b5 7.Bb3 Nxb3 8.cxb3 Bb7
9.O-O b4 10.Ne2 e6 11.Ng3 d6 12.Re1 Be7 13.d4 cxd4 14.Qxd4 d5 15.e5 Ne4 16.Be3 O-O
17.Rec1 Rfc8 18.Rxc8+ Rxc8 19.Qxa7 Qxa7 20.Bxa7 f6 21.Bd4 fxe5 22.Bxe5 Nc5
23.Bd4 Bf6 24.Rc1 Nd3 25.Rxc8+ Bxc8 26.a3 e5 27.Ba7 Nxb2 28.axb4 Bd7 29.Nh5 Nd3
30.Nxf6+ gxf6 31.Bc5 Kf7 32.Nd2 Ke6 33.Nb1 Nc1 34.Nd2 Nd3 35.Nb1 f5 36.Na3 Nc1
37.b5 Nxb3 38.Bb4 d4 39.b6 Bc6 40.Kf1 Kd5 41.Be7 Nc5 42.Ke1 Nd7 43.Bd8 e4
44.g3 Ne5 45.Nc2 Kc4 46.Bf6 Nf3+ 47.Kd1 Bb7 48.h4 Bc6 49.Ne1 Nh2 50.Nc2 Nf3
51.Ne1 Nxe1 52.Kxe1 Kd3 53.Be5 e3 54.fxe3 dxe3 55.Bf4 Bb7 56.Bc7 Ke4 57.Bb8  1/2-1/2

[Event "Biel op (Women)"]
[Site "Biel"]
[Date "1990.??.??"]
[Round "6"]
[White "Vuksanovic, Sanja"]
[Black "Csom, Etelka"]
[Result "1/2-1/2"]
[WhiteElo "2145"]
[BlackElo "2090"]

1.e4 c5 2.Nf3 Nc6 3.Bb5 e5 4.O-O Nge7 5.Nc3 g6 6.d3 Bg7 7.Bg5 O-O 8.Nd5 f6
9.Nxe7+ Qxe7 10.Bc4+ Kh8 11.Be3 d6 12.h3 Be6 13.c3 a6 14.Bxe6 Qxe6 15.Nh4 b5
16.Qg4 f5 17.exf5 gxf5 18.Qf3 Ne7 19.Bg5 Ng6 20.Qh5 Nxh4 21.Qxh4 f4 22.Qg4 Qxg4
23.hxg4 Bf6 24.Bxf6+ Rxf6 25.f3  1/2-1/2

[Event "Biel op (Women)"]
[Site "Biel"]
[Date "1990.??.??"]
[Round "8"]
[White "Veroci, Zsuzsa"]
[Black "Maksimovic, Suzana"]
[Result "1/2-1/2"]
[WhiteElo "2325"]
[BlackElo "2300"]

1.e4 c5 2.Nf3 Nc6 3.Bb5 g6 4.O-O Bg7 5.c3 e5 6.d4 cxd4 7.cxd4 exd4 8.Bf4 Nge7
9.Bd6 O-O 10.Re1 a6 11.Bc4 b5 12.Bd5 Bb7 13.Nbd2 Qb6 14.Nb3 Rfe8 15.Rc1 Rac8
16.Bc5 Qd8 17.Bxe7 Qxe7 18.h4  1/2-1/2

[Event "Biel-B"]
[Site "Biel"]
[Date "1990.??.??"]
[Round "11"]
[White "D'Amore, Carlo"]
[Black "Cramling, Pia"]
[Result "1/2-1/2"]
[WhiteElo "2425"]
[BlackElo "2505"]

1.e4 c5 2.Nf3 Nc6 3.Bb5 g6 4.O-O Bg7 5.Nc3 d6 6.Bxc6+ bxc6 7.h3 e5 8.d3 Ne7
9.Nd2 O-O 10.Qe2 Qc7 11.a3 f5 12.b4 cxb4 13.axb4 Bd7 14.Nb3 Qb6 15.Bg5 Rf7
16.Na4 Qb8 17.Bd2 f4 18.f3 g5 19.Bc3 Be6 20.Ra3 h5 21.Rfa1 Nc8 22.Nb2 Bf6
23.Kf1 g4 24.hxg4 hxg4 25.Ke1 Rg7 26.Nc4 gxf3 27.gxf3 Bh3 28.Qh2 Rg3 29.Ke2 Rg2+
30.Qxg2+ Bxg2 31.Rg1 Ne7 32.Rxg2+ Kf7 33.Rh2 Qc7 34.Ra1 Rh8 35.Rxh8 Bxh8
36.Be1 Nc8 37.Bf2 d5 38.Ncd2 Bf6 39.Ra5 Be7 40.exd5 cxd5 41.Rxd5 Qxc2 42.Rxe5 Bxb4
43.Rf5+ Ke8 44.Rxf4 Bc3 45.Be3 Nb6 46.Re4+ Kf7 47.Bxb6 axb6 48.Rc4 b5 49.Rc7+ Ke8
50.f4 Qb2 51.Ke3 b4 52.Ra7 Kd8 53.Rb7 Qc2 54.Ke2 Qa2 55.f5 Kc8 56.Rb5 Qa4
57.Rc5+ Kb8 58.d4 Qa6+ 59.Ke3 Qh6+ 60.Kd3 Qh3+ 61.Kc2 Qg2 62.Kd3 Qf2 63.Nc4 Qf1+
64.Kc2 Qe2+ 65.Kc1 Qe1+ 66.Kc2 Qe4+ 67.Kc1 Qe1+ 68.Kc2 Qe4+ 69.Kc1 Bxd4 70.Rb5+ Kc7
71.Nba5 Qe1+ 72.Kc2 Qc3+ 73.Kd1 Qf3+ 74.Kc2 Qc3+ 75.Kd1 Qd3+ 76.Ke1 Qg3+
77.Kd1 Qd3+ 78.Ke1 Bc3+ 79.Kf2 Qd4+ 80.Kf3 Qd1+ 81.Kf4 Qc1+ 82.Ke4 Qh1+ 83.Kf4 Qh4+
84.Kf3 Qh5+ 85.Kf4 Qh2+ 86.Kf3 Kd7 87.Rb7+ Ke8 88.Ke4 Kf8 89.Rb5 Kg7 90.Kd5 Qg2+
91.Kd6 Kf6 92.Nb6 Qd2+ 93.Kc6 Kg5 94.Nd5 Qe1 95.f6 Kg6 96.Kb7 Qf1 97.Kb6 Qf2+
98.Ka6 Qf1 99.Nc6 Qa1+ 100.Kb6 Bd4+ 101.Kb7 Bxf6 102.Nxf6  1/2-1/2

[Event "Bielsko Biala op"]
[Site "Bielsko Biala"]
[Date "1990.??.??"]
[Round "4"]
[White "Maciejewski, Miroslaw"]
[Black "Petrienko, Vladimir"]
[Result "0-1"]
[WhiteElo "2355"]
[BlackElo "2440"]

1.e4 c5 2.Nf3 Nc6 3.Bb5 e6 4.O-O Nge7 5.Nc3 Nd4 6.Nxd4 cxd4 7.Ne2 Qb6 8.a4 a6
9.Bd3 Nc6 10.c3 Be7 11.a5 Nxa5 12.Nxd4 Nc6 13.Nxc6 Qxc6 14.Bc2 O-O 15.d4 b5
16.f4 f5 17.Re1 Bb7 18.d5 Qb6+ 19.Kh1 Rae8 20.Be3 Bc5 21.Bxc5 Qxc5 22.Qh5 g6
23.Qh4 fxe4 24.Bxe4 Bxd5 25.Rxa6 Bxe4 26.Rxe4 Rf7 27.h3 Ref8 28.Rd4 e5 29.Rdd6 exf4
30.Qg4 Qe5 31.Rxd7 Qe1+  0-1